000 01007nam0a22002531 4500
001 rc\112141
005 20250620184701.0
010 _a5-7442-0287-0
_9250
035 _a(NLR Aleph) 005372170
090 _a7011752
_c7011752
100 _a20021216d1992 |||y0rusy50 ca
101 0 _arus
102 _aRU
105 _aa |||||||||
200 1 _aАгрогеографическая оценка земельных ресурсов и их использование в районах Дальнего Востока
_fРос. акад. наук. Дальневост. отд-ние, Тихоокеан. ин-т географии
210 _aВладивосток
_cДВО РАН
_d1992
215 _a115 с., включ. обл.
_cил.
_d20
320 _aБиблиогр.: с. 111-114 (46 назв.)
700 1 _aСтепанько
_bА.А.
_gАлексей Александрович
801 0 _aRU
_bNLR
_gpsbo
801 1 _aRU
_bELAR
_2rusmarc
852 _aNLR
_j92-3/5845
942 _cBOOK
980 _aNB